"French" Things #1 - Statistics

General Stats
  • This quiz has been taken 36 times
  • The average score is 12 of 18
Answer Stats
Hint Answer % Correct
Uprising that started in 1789 and led to France becoming a republic French Revolution
100%
Chips, pommes frites, potato sticks cooked in oil French fries
97%
La baguette French bread
94%
Romantic smooch with tongues touching French kiss
94%
Part of France that is in South America French Guyana
89%
Orchestra brass instrument French horn
77%
Phrase you say to apologise in advance of or after swearing Pardon my French
77%
Also known as Côte d'Azur, Its capital is Nice French Riviera
74%
Oscar-winning movie with Gene Hackman The French Connection
66%
Former colony of France in modern-day Vietnam, Laos and Cambodia French Indochina
63%
Territory of France in the South Pacific French Polynesia
63%
Chickens from the carol "Twelve Days of Christmas" Three French hens
63%
Victorian-era lady servant type, now usually mentioned for their exciting costume French maid
54%
North American offshoot of the Seven Years' War French and Indian War
49%
Hot vegetable stock sometimes served with cheese inside bread French onion soup
49%
Nail salon treatment of painting only the tips of the fingernails French manicure
46%
Indiana hometown of Larry Bird, source of his nickname "The Hick from..." French Lick
29%
Popular chess opening French Defence
14%
No matching quizzes found
Score Distribution
Percent of People with Each Score
Percentile by Number Answered
Your Score History
You have not taken this quiz